<?xml version="1.0" encoding="UTF-8"?>
<record
    xmlns:xsi="http://www.w3.org/2001/XMLSchema-instance"
    xsi:schemaLocation="http://www.loc.gov/MARC21/slim http://www.loc.gov/standards/marcxml/schema/MARC21slim.xsd"
    xmlns="http://www.loc.gov/MARC21/slim">

  <leader>00992nam0a22002531  4500</leader>
  <controlfield tag="001">rc\76837</controlfield>
  <controlfield tag="005">20250620172142.0</controlfield>
  <datafield tag="010" ind1=" " ind2=" ">
    <subfield code="a">5-201-05023-9</subfield>
    <subfield code="9">1000</subfield>
  </datafield>
  <datafield tag="035" ind1=" " ind2=" ">
    <subfield code="a">(NLR Aleph) 005347729</subfield>
  </datafield>
  <datafield tag="090" ind1=" " ind2=" ">
    <subfield code="a">6762946</subfield>
    <subfield code="c">6762946</subfield>
  </datafield>
  <datafield tag="100" ind1=" " ind2=" ">
    <subfield code="a">20021216d1996    |||y0rusy50      ca</subfield>
  </datafield>
  <datafield tag="101" ind1="0" ind2=" ">
    <subfield code="a">rus</subfield>
  </datafield>
  <datafield tag="102" ind1=" " ind2=" ">
    <subfield code="a">RU</subfield>
  </datafield>
  <datafield tag="105" ind1=" " ind2=" ">
    <subfield code="a">a   |||||||||</subfield>
  </datafield>
  <datafield tag="200" ind1="1" ind2=" ">
    <subfield code="a">&#x422;&#x443;&#x43D;&#x438;&#x441;: &#x43F;&#x443;&#x442;&#x44C; &#x43A; &#x43F;&#x43E;&#x43B;&#x438;&#x442;&#x438;&#x447;&#x435;&#x441;&#x43A;&#x43E;&#x43C;&#x443; &#x43F;&#x43B;&#x44E;&#x440;&#x430;&#x43B;&#x438;&#x437;&#x43C;&#x443;</subfield>
    <subfield code="e">&#x41A;&#x443;&#x440;&#x441; &#x43F;&#x440;&#x435;&#x437;&#x438;&#x434;&#x435;&#x43D;&#x442;&#x430; &#x417;&#x438;&#x43D;&#x430; &#x430;&#x43B;&#x44C;-&#x410;&#x431;&#x438;&#x434;&#x438;&#x43D;&#x430; &#x411;&#x435;&#x43D; &#x410;&#x43B;&#x438;</subfield>
    <subfield code="e">[&#x41F;&#x435;&#x440;. &#x441; &#x430;&#x440;&#x430;&#x431;.</subfield>
    <subfield code="f">&#x41F;&#x440;&#x435;&#x434;&#x438;&#x441;&#x43B;. &#x41C;.&#x424;. &#x412;&#x438;&#x434;&#x44F;&#x441;&#x43E;&#x432;&#x43E;&#x439;]</subfield>
    <subfield code="g">&#x418;&#x43D;-&#x442; &#x441;&#x442;&#x440;&#x430;&#x43D; &#x410;&#x437;&#x438;&#x438; &#x438; &#x410;&#x444;&#x440;&#x438;&#x43A;&#x438; &#x43F;&#x440;&#x438; &#x41C;&#x43E;&#x441;&#x43A;. &#x433;&#x43E;&#x441;. &#x443;&#x43D;-&#x442;&#x435; &#x438;&#x43C;. &#x41C;.&#x412;. &#x41B;&#x43E;&#x43C;&#x43E;&#x43D;&#x43E;&#x441;&#x43E;&#x432;&#x430;</subfield>
  </datafield>
  <datafield tag="210" ind1=" " ind2=" ">
    <subfield code="a">&#x41C;.</subfield>
    <subfield code="c">&#x41C;&#x421;&#x410;&#x410;</subfield>
    <subfield code="d">1996</subfield>
  </datafield>
  <datafield tag="215" ind1=" " ind2=" ">
    <subfield code="a">162 &#x441;.</subfield>
    <subfield code="c">&#x438;&#x43B;., &#x444;&#x430;&#x43A;&#x441;.</subfield>
    <subfield code="d">21</subfield>
  </datafield>
  <datafield tag="600" ind1=" " ind2="1">
    <subfield code="a">&#x411;&#x435;&#x43D; &#x410;&#x43B;&#x438;</subfield>
    <subfield code="b">&#x417;.&#x430;.-&#x410;.</subfield>
    <subfield code="g">&#x417;&#x438;&#x43D; &#x430;&#x43B;&#x44C;-&#x410;&#x431;&#x438;&#x434;&#x438;&#x43D;</subfield>
    <subfield code="2">psbo</subfield>
  </datafield>
  <datafield tag="700" ind1=" " ind2="1">
    <subfield code="a">&#x428;&#x430;&#x430;&#x431;&#x430;&#x43D;</subfield>
    <subfield code="b">&#x421;.</subfield>
    <subfield code="g">&#x421;&#x430;&#x434;&#x43E;&#x43A;</subfield>
  </datafield>
  <datafield tag="801" ind1=" " ind2="0">
    <subfield code="a">RU</subfield>
    <subfield code="b">NLR</subfield>
    <subfield code="g">psbo</subfield>
  </datafield>
  <datafield tag="801" ind1=" " ind2="1">
    <subfield code="a">RU</subfield>
    <subfield code="b">ELAR</subfield>
    <subfield code="2">rusmarc</subfield>
  </datafield>
  <datafield tag="852" ind1=" " ind2=" ">
    <subfield code="a">NLR</subfield>
    <subfield code="j">97-3/1851</subfield>
  </datafield>
  <datafield tag="942" ind1=" " ind2=" ">
    <subfield code="c">BOOK</subfield>
  </datafield>
  <datafield tag="980" ind1=" " ind2=" ">
    <subfield code="a">NB</subfield>
  </datafield>
  <datafield tag="995" ind1=" " ind2=" ">
    <subfield code="5">2013-10-26</subfield>
    <subfield code="b">NLR01</subfield>
    <subfield code="c">NLR01</subfield>
    <subfield code="e">RF8</subfield>
    <subfield code="f">5347729-10</subfield>
    <subfield code="k">97-3/1851</subfield>
    <subfield code="o">0</subfield>
    <subfield code="r">BOOK</subfield>
    <subfield code="s">9731851_</subfield>
  </datafield>
</record>
